[Event "Prague Summer op-B 10th"]
[Site "Prague"]
[Date "2023.08.08"]
[Round "6"]
[White "Kalvach, Ladislav"]
[Black "Andersson, Mitchell"]
[Result "1-0"]
[WhiteElo "1769"]
[BlackElo "1757"]
[PlyCount "153"]
[EventDate "2023.08.04"]
[EventType "swiss"]
[EventRounds "9"]
[EventCountry "CZE"]
[SourceTitle "EXT 2024"]
[Source "ChessBase"]
[SourceDate "2023.10.10"]
[SourceVersion "1"]
[SourceVersionDate "2023.10.10"]
[SourceQuality "1"]

1. c4 e5 2. Nc3 Nc6 3. Nf3 Bb4 4. e4 Bxc3 5. dxc3 d6 6. Be2 Nf6 7. Qd3 Qe7 8. 0-0 h6 9. b4 b6 10. Nd2 g5 11. Nb3 a5 12. Bd2 Bb7 13. a4 Nd8 14. f3 Nd7 15. Rfd1 Ne6 16. Be3 Nf4 17. Bxf4 gxf4 18. c5 dxc5 19. bxa5 Rd8 20. a6 Ba8 21. a5 0-0 22. Qc2 Nb8 23. axb6 cxb6 24. Bc4 Rxd1+ 25. Rxd1 Rd8 26. Rd3 Rxd3 27. Qxd3 Qc7 28. Nd2 Kg7 29. g3 fxg3 30. hxg3 Qe7 31. Nf1 Qd7 32. Qxd7 Nxd7 33. a7 b5 34. Bxb5 Nb6 35. Ba6 Kf6 36. Ne3 Bc6 37. Ng4+ Ke6 38. Nxh6 f6 39. Nf5 c4 40. Ne3 Kd7 41. Nxc4 Kc7 42. Nxb6 Kxb6 43. Bd3 Kxa7 44. Kg2 Bd7 45. Kf2 Kb6 46. Ke3 Kc5 47. Be2 Be6 48. f4 exf4+ 49. Kxf4 Kd6 50. Bg4 Bc4 51. Bc8 Ke7 52. Bg4 Kd6 53. Bd1 Be6 54. Be2 Kc5 55. g4 Kd6 56. c4 Kc5 57. g5 fxg5+ 58. Kxg5 Kd6 59. Kf6 Kd7 60. c5 Bh3 61. Bb5+ Kc7 62. Ke7 Bg4 63. e5 Kc8 64. e6 Kb7 65. Kd6 Bxe6 66. Kxe6 Kc7 67. Ke7 Kc8 68. Kd6 Kb8 69. Kd7 Kb7 70. c6+ Kb8 71. c7+ Ka7 72. Bc6 Ka6 73. c8Q+ Kb6 74. Bd5 Ka5 75. Qb8 Ka4 76. Kc6 Ka5 77. Qb5# 1-0